| 000 | 00437nam a2200181Ia 4500 | ||
|---|---|---|---|
| 003 | OSt | ||
| 005 | 20250829105015.0 | ||
| 008 | 250729s2005 xx 000 0 und d | ||
| 040 | _cAL | ||
| 041 | _aeng | ||
| 082 | _a200 DSOK | ||
| 100 |
_aDsouza Charles _9222317 |
||
| 245 | _aKeys to success in life | ||
| 260 |
_aMumbai _bBetter Yourself Publication _c2005 |
||
| 300 | _a136p | ||
| 650 |
_aGeneraliya _9222318 |
||
| 942 |
_2ddc _cBED |
||
| 999 |
_c235406 _d235406 |
||